000 01295nam a2200349Ia 4500
001 Z_6561
003 CHAP
005 20231109170050.0
008 220113s2011 xx 000 0 und d
010 _a169832
040 _cCHAP
090 _aTesis P663 2302
100 _aPonce Méndez, Facundo
_990801
245 _aDesarrollo de capacidades tecnológicas mediante la gestión de redes locales de innovación /
_cFacundo Ponce Méndez
260 _aMéxico :
_bEl autor,
_c2011
300 _aCD
502 _aTesis (Ingeniero Agrónomo Especialista en Zootecnia) -- UACh, 2011 \ Dirección: José Roberto Zarazúa Escobar; asesoría: Roberto Rendón Medel y José Luis Zaragoza Ramírez
650 _aEstadísta de redes
_9145181
650 _aGanado ovino
_9139065
650 _aPerspectiva de redes de innovación
_9145182
650 _aTécnica bootstrap
_9145183
650 _aTransferencia de tecnología
_9114619
700 _a Rendón Medel, Roberto, asesor
_9145184
700 _a Zaragoza Ramírez, José Luis, asesor
_9143236
700 _aZarazúa Escobar, José Alberto, director
_9145185
856 4 2 _uhttp://10.13.5.2/tesis/112283.pdf
_yDescargar PDF
901 _aTESIS P663 2302
902 _aM
910 _a2011
942 _c2
_2ddc
942 _c2
_2ddc
999 _c169832
_d169832